[Event "St.Petersburg Summer Open"]
[Site "St Petersburg RUS"]
[Date "2016.08.20"]
[Round "4.33"]
[White "Pischikov, Vadim"]
[Black "Talyansky, Seth D"]
[Result "1-0"]
[WhiteElo "2162"]
[BlackElo "1963"]
[WhiteFideId "4100280"]
[BlackFideId "30907730"]
[EventDate "2016.08.17"]

1. d4 d5 2. Nf3 Nf6 3. Bf4 c5 4. e3 Nc6 5. c3 Qb6 6. Qb3 c4 7. Qc2 Bf5 8. Qc1 h6
9. Nbd2 e6 10. Be2 Rc8 11. O-O Be7 12. Ne5 O-O 13. e4 Bh7 14. Be3 Qc7 15. Nxc6
Qxc6 16. e5 Nd7 17. f4 b5 18. a3 a5 19. g4 f6 20. Qe1 Qb6 21. Qg3 fxe5 22. fxe5
Rxf1+ 23. Rxf1 Rf8 24. Nf3 b4 25. axb4 axb4 26. g5 hxg5 27. Bxg5 Bxg5 28. Nxg5
Rxf1+ 29. Bxf1 Bf5 30. Bh3 bxc3 31. Bxf5 Qxd4+ 32. Kg2 exf5 33. e6 Ne5 34. e7
Qd2+ 35. Kh3 1-0

[Event "St.Petersburg Summer Open"]
[Site "St Petersburg RUS"]
[Date "2016.08.20"]
[Round "4.34"]
[White "Nasybullina, Alfia"]
[Black "Efremov, Vladislav"]
[Result "1-0"]
[WhiteTitle "WFM"]
[WhiteElo "2141"]
[BlackElo "1937"]
[WhiteFideId "4132416"]
[BlackFideId "44159935"]
[EventDate "2016.08.17"]

1. d4 d5 2. Nf3 c5 3. c3 e6 4. Bf4 Nc6 5. e3 Nf6 6. Bd3 Bd6 7. Bg3 O-O 8. Nbd2
b6 9. O-O Bb7 10. Ne5 Qc7 11. f4 Ne7 12. Bh4 Ne4 13. Bxe7 Qxe7 14. Ndf3 f6 15.
Ng4 Bc6 16. Qe1 b5 17. Nh4 f5 18. Ne5 Bxe5 19. fxe5 c4 20. Bxe4 dxe4 21. g3 Be8
22. Qe2 Qg5 23. a4 Bh5 24. Qd2 a6 25. axb5 axb5 26. Rxa8 Rxa8 27. d5 Qd8 28. d6
Qd7 29. Nxf5 Kh8 30. Nd4 Kg8 31. Qg2 Bg6 32. Qh3 Re8 33. Qh4 Qb7 34. Qg5 Qd5 35.
h4 Qb7 36. h5 Bf7 37. g4 h6 38. Qf4 b4 39. cxb4 Qd7 40. b5 Rf8 41. Nc6 Qe8 42.
Ne7+ Kh7 43. Qxe4+ Kh8 44. Ng6+ Bxg6 45. Rxf8+ Qxf8 46. hxg6 Qd8 47. Qf3 1-0

[Event "St.Petersburg Summer Open"]
[Site "St Petersburg RUS"]
[Date "2016.08.20"]
[Round "4.35"]
[White "Kuznetsov, Mikhail"]
[Black "Vunder, Andrey"]
[Result "1/2-1/2"]
[WhiteElo "1699"]
[BlackElo "2138"]
[WhiteFideId "54126738"]
[BlackFideId "4128338"]
[EventDate "2016.08.17"]

1. d4 d5 2. c4 e6 3. Nf3 Nf6 4. Nc3 Be7 5. Bg5 h6 6. Bh4 O-O 7. e3 b6 8. Bd3 Bb7
9. O-O Nbd7 10. Rc1 dxc4 11. Bxc4 c5 12. Bg3 a6 13. a4 cxd4 14. Nxd4 Nc5 15. f3
Nd5 16. Bxd5 exd5 17. b4 Ne6 18. Nce2 Rc8 19. Qb3 Nxd4 20. Nxd4 Qd7 21. b5 Bc5
22. Rfd1 Rfe8 23. Qd3 axb5 24. axb5 g6 25. Rb1 Qe7 26. Bf2 h5 27. Ra1 Ra8 28.
Kf1 Qf6 29. Re1 Bb4 30. Reb1 Bc5 31. Re1 Rec8 32. Qb3 Re8 33. Qd3 1/2-1/2

[Event "St.Petersburg Summer Open"]
[Site "St Petersburg RUS"]
[Date "2016.08.20"]
[Round "4.36"]
[White "Divaev, Vadim"]
[Black "Mestnikov, Aisen"]
[Result "0-1"]
[BlackTitle "FM"]
[WhiteElo "1664"]
[BlackElo "2126"]
[WhiteFideId "24238724"]
[BlackFideId "34130117"]
[EventDate "2016.08.17"]

1. d4 Nf6 2. c4 c5 3. d5 b5 4. cxb5 a6 5. bxa6 g6 6. Nc3 Bxa6 7. Nf3 d6 8. g3
Bg7 9. Bg2 Nbd7 10. O-O Nb6 11. Re1 O-O 12. e4 Nfd7 13. Qc2 Nc4 14. Bf1 Nde5 15.
Nxe5 Nxe5 16. Kg2 Bxf1+ 17. Rxf1 Qa5 18. Bd2 Nc4 19. Rfc1 Qb4 20. b3 Nxd2 21.
Qxd2 Ra3 22. Qd3 c4 23. bxc4 Rxc3 24. Rxc3 Qxc3 25. Qxc3 Bxc3 26. Rc1 Bd4 27.
Rb1 Ra8 28. Rb7 Kf8 29. f3 Rxa2+ 30. Kh3 Bg1 31. Rb8+ Kg7 32. Kg4 Rxh2 33. f4
h5+ 34. Kf3 Rf2+ 0-1

[Event "St.Petersburg Summer Open"]
[Site "St Petersburg RUS"]
[Date "2016.08.20"]
[Round "4.37"]
[White "Remizov, Yaroslav"]
[Black "Shadunts, Kirill"]
[Result "1-0"]
[WhiteElo "2104"]
[BlackElo "1824"]
[WhiteFideId "34134015"]
[BlackFideId "34152781"]
[EventDate "2016.08.17"]

1. e4 c5 2. Nf3 Nc6 3. d4 cxd4 4. Nxd4 g6 5. c4 Bg7 6. Be3 d6 7. Nc3 Nf6 8. Be2
O-O 9. O-O Bd7 10. Rc1 Nxd4 11. Bxd4 Bc6 12. Qd2 Nd7 13. Bxg7 Kxg7 14. b4 b6 15.
f4 Rc8 16. Rfd1 Nb8 17. Nd5 Bxd5 18. cxd5 Qd7 19. Rc3 Rc7 20. Rdc1 Rfc8 21. R1c2
Rxc3 22. Rxc3 Rxc3 23. Qxc3+ Kg8 24. h3 b5 25. Kh2 a6 26. h4 Qd8 27. g4 Qb6 28.
Kg2 Qb7 29. g5 e6 30. Qf6 exd5 31. Qd8+ Kg7 32. h5 gxh5 33. f5 dxe4 34. Bxh5 e3+
35. Kg1 Nd7 36. f6+ Nxf6 37. Qxf6+ Kg8 38. Qd8+ Kg7 39. Qxd6 e2 40. Qe5+ Kg8 41.
Bxe2 Qc6 42. Kf2 Qb6+ 43. Kf1 Qg6 44. a3 Qc6 45. Qe3 Qh1+ 46. Kf2 Qh2+ 47. Ke1
Qh1+ 48. Kd2 Qd5+ 49. Bd3 Qg2+ 50. Kc1 Qa2 51. Bc2 Qc4 52. Qe4 Kf8 53. Qxc4 bxc4
54. Bxh7 1-0

[Event "St.Petersburg Summer Open"]
[Site "St Petersburg RUS"]
[Date "2016.08.20"]
[Round "4.38"]
[White "Nordquelle, Daniel"]
[Black "Dubrovskiy, Vladimir"]
[Result "1-0"]
[WhiteElo "2176"]
[BlackElo "1647"]
[WhiteFideId "1519042"]
[BlackFideId "44185316"]
[EventDate "2016.08.17"]

1. e4 c6 2. d4 d5 3. e5 Bf5 4. h4 h5 5. c4 e6 6. Nc3 Nd7 7. Nge2 dxc4 8. Ng3 Nb6
9. Be2 Bg6 10. Bg5 Be7 11. Nge4 f6 12. Be3 Bb4 13. O-O fxe5 14. dxe5 Nd5 15. Bg5
Nxc3 16. Nxc3 Qxd1 17. Raxd1 b5 18. Bf3 Rc8 19. Be4 Bf5 20. Bxf5 exf5 21. Ne2
Ne7 22. Nd4 g6 23. a3 Bc5 24. Ne6 Bb6 25. Nf4 Nd5 26. Nxd5 cxd5 27. Rxd5 Rc5 28.
Rfd1 O-O 29. Bf6 Re8 30. Rd7 Rc7 31. Kf1 Rec8 32. e6 Re8 33. Rd8 Rc8 34. Rxc8
Rxc8 35. Rd7 Kf8 36. Rh7 1-0

[Event "St.Petersburg Summer Open"]
[Site "St Petersburg RUS"]
[Date "2016.08.20"]
[Round "4.39"]
[White "Zaykov, Sergey"]
[Black "Israyelyan, Eduard"]
[Result "1-0"]
[WhiteElo "2156"]
[BlackElo "1808"]
[WhiteFideId "4143906"]
[BlackFideId "13310550"]
[EventDate "2016.08.17"]

1. e4 e6 2. d3 d5 3. Nd2 c5 4. Ngf3 Nc6 5. g3 Nf6 6. Bg2 Bd6 7. O-O O-O 8. Re1
Bc7 9. c3 a6 10. Qc2 b5 11. e5 Nd7 12. d4 Bb6 13. Nb3 Qc7 14. Bf4 a5 15. Ng5 g6
16. dxc5 Nxc5 17. Qe2 Ne7 18. Nd4 Ba6 19. Qg4 Nd3 20. Nxh7 Kxh7 21. Bg5 f5 22.
exf6 Bxd4 23. cxd4 Nf5 24. Rxe6 Bc8 25. Re7+ Nxe7 26. Qh4+ Kg8 27. fxe7 Be6 28.
exf8=Q+ Rxf8 29. Be3 Qd6 30. b3 Rf7 31. Qg5 Bf5 32. Rd1 Nb4 33. Bf4 Qd7 34. h4
Rh7 35. Rc1 Nc6 36. Qf6 Ne7 37. Rc7 Qe6 38. Qxe6+ Bxe6 39. Rc5 Bd7 40. Bd6 Nf5
41. Bxd5+ Kh8 42. Be5+ Ng7 43. Rc7 Be8 44. Ra7 Rh5 45. Bxg7+ 1-0

[Event "St.Petersburg Summer Open"]
[Site "St Petersburg RUS"]
[Date "2016.08.20"]
[Round "4.40"]
[White "Krukovsky, Alexander"]
[Black "Delevic, Nina"]
[Result "1-0"]
[WhiteElo "2024"]
[BlackElo "1776"]
[WhiteFideId "4157346"]
[BlackFideId "939650"]
[EventDate "2016.08.17"]

1. d4 d5 2. c4 c6 3. Nf3 Nf6 4. Nc3 e6 5. Bg5 h6 6. Bxf6 Qxf6 7. Qb3 dxc4 8.
Qxc4 b5 9. Qb3 Bb7 10. e4 a5 11. Bd3 Nd7 12. e5 Qd8 13. O-O b4 14. Ne4 Be7 15.
Rac1 O-O 16. Rfe1 Nb6 17. Bb1 Rc8 18. Qc2 f5 19. exf6 Bxf6 20. Nc5 Qe7 21. Qh7+ 1-0

[Event "St.Petersburg Summer Open"]
[Site "St Petersburg RUS"]
[Date "2016.08.20"]
[Round "4.41"]
[White "Lyazhkov, Sergey"]
[Black "Grausgruber, Rene"]
[Result "0-1"]
[WhiteElo "1799"]
[BlackElo "2014"]
[WhiteFideId "34132624"]
[BlackFideId "1610074"]
[EventDate "2016.08.17"]

1. d4 Nf6 2. c4 e5 3. dxe5 Ng4 4. e4 d6 5. exd6 Bxd6 6. h3 Qh4 7. Qf3 Nxf2 8. g3
Bxg3 9. Ke2 Nxh1 10. Qxh1 O-O 11. Nc3 Nc6 12. Nf3 Bg4 13. Be3 Ne5 14. Bg2 Bxf3+
15. Bxf3 Nxc4 16. Nd1 Rfe8 17. b3 Nd6 18. Nc3 Be5 19. Bf2 Qd8 20. Rc1 Bxc3 21.
Rxc3 f5 22. Re3 Qf6 23. Be1 Qb2+ 24. Bd2 Rad8 25. e5 Ne4 26. Bxe4 Rxd2+ 27. Kf3
Rf2+ 0-1

[Event "St.Petersburg Summer Open"]
[Site "St Petersburg RUS"]
[Date "2016.08.20"]
[Round "4.42"]
[White "Glazov, Anatoly"]
[Black "Stepanov, Andrey"]
[Result "0-1"]
[WhiteElo "1766"]
[BlackElo "1995"]
[WhiteFideId "4192281"]
[BlackFideId "24198730"]
[EventDate "2016.08.17"]

1. d4 Nf6 2. c4 g6 3. Nc3 d5 4. Nf3 Bg7 5. e3 O-O 6. Be2 c5 7. cxd5 Qa5 8. dxc5
Nxd5 9. Qxd5 Bxc3+ 10. Bd2 Rd8 11. Bxc3 Qxc3+ 12. bxc3 Rxd5 13. O-O Rxc5 14.
Rac1 Be6 15. c4 Nc6 16. Nd4 Rc8 17. Nxe6 fxe6 18. Rfd1 Rc7 19. f4 Kf7 20. Kf2
Na5 21. Rd4 b5 22. e4 Nxc4 23. Bxc4 bxc4 24. Rc2 e5 25. fxe5 Ke6 26. a4 Kxe5 27.
Ke3 c3 28. Kd3 e6 29. Rb4 Rd7+ 30. Ke3 a6 31. Rb6 Rc4 32. Rxa6 Rxe4+ 0-1

[Event "St.Petersburg Summer Open"]
[Site "St Petersburg RUS"]
[Date "2016.08.20"]
[Round "4.43"]
[White "Zabolotnov, Evgeny"]
[Black "Klinkov, Evgeny"]
[Result "1-0"]
[WhiteElo "1994"]
[BlackElo "1738"]
[WhiteFideId "34157619"]
[BlackFideId "24223433"]
[EventDate "2016.08.17"]

1. d4 Nf6 2. c4 g6 3. Nc3 Bg7 4. e4 d6 5. f3 O-O 6. Be3 Nbd7 7. Qd2 e5 8. d5 a5
9. O-O-O Nc5 10. g4 Bd7 11. Bg5 Qb8 12. h4 a4 13. h5 Qa7 14. Kb1 Qb6 15. Nge2 a3
16. b3 Nxb3 17. axb3 Qxb3+ 18. Ka1 Qxc4 19. Nc1 Qd4 20. Qe1 Qb4 21. Nd3 Qa5 22.
Na2 Qxe1 23. Nxe1 Ne8 24. Be7 f5 25. Bxf8 Kxf8 26. gxf5 gxf5 27. Bh3 Ba4 28. Rd3
fxe4 29. fxe4 Bb5 30. Rb3 c6 31. Bf1 Nc7 32. Nc3 Bh6 33. Bxb5 cxb5 34. Nxb5 Ne8
35. Rxa3 Rc8 36. Rc3 Ra8+ 37. Kb1 Ra4 38. Rf1+ Ke7 39. Nc7 Nf6 40. Ne6 Nxe4 41.
Rc7+ Ke8 42. Rc8+ Ke7 43. Rc7+ Ke8 44. Rff7 Nc3+ 45. Kc2 Nxd5 46. Rxb7 Rb4 47.
Ng7+ Bxg7 48. Rxg7 Rc4+ 49. Kb3 1-0

[Event "St.Petersburg Summer Open"]
[Site "St Petersburg RUS"]
[Date "2016.08.20"]
[Round "4.44"]
[White "Stroganov, Anatoly"]
[Black "Pavlova, Natalia"]
[Result "0-1"]
[WhiteElo "1762"]
[BlackElo "1977"]
[WhiteFideId "4178955"]
[BlackFideId "24135615"]
[EventDate "2016.08.17"]

1. d4 d5 2. Nf3 c6 3. e3 Nf6 4. Bd3 e6 5. Nbd2 Nbd7 6. b3 Bd6 7. Bb2 O-O 8. Ne5
Qc7 9. f4 b6 10. O-O c5 11. Rf3 Rd8 12. Rh3 Nf8 13. g4 g6 14. dxc5 Be7 15. cxb6
axb6 16. Bd4 Ba6 17. a4 Rdc8 18. Bxa6 Rxa6 19. g5 Nh5 20. c4 Bc5 21. Ndf3 dxc4
22. Ng4 Nd7 23. bxc4 Ra7 24. Nd2 Bxd4 25. Nh6+ Kf8 26. exd4 Qxf4 27. Nf3 Rxc4
28. Kh1 Rac7 29. Rh4 Qe3 30. Ng4 Qc3 31. Nge5 Nxe5 32. Nxe5 Rb4 33. Nd3 Rxd4 34.
Rxd4 Qxd4 35. Nf2 Qe5 36. Qd8+ Kg7 37. Rd1 Rc2 38. Kg1 Qe2 39. Rf1 Qe3 40. Qe7
Ra2 41. Qd8 Rxa4 42. Rd1 Rg4+ 43. Kf1 Rxg5 44. Rd3 Qc1+ 45. Rd1 Qc4+ 46. Rd3 Rd5
47. Qxb6 Rxd3 48. Nxd3 Qxd3+ 49. Kf2 e5 50. Qc7 Qd4+ 51. Kf1 Nf4 52. Qc2 Qd3+ 0-1

[Event "St.Petersburg Summer Open"]
[Site "St Petersburg RUS"]
[Date "2016.08.20"]
[Round "4.45"]
[White "Romanov, Aleksandr"]
[Black "Levdansky, Alexey"]
[Result "0-1"]
[WhiteElo "1722"]
[BlackElo "1973"]
[WhiteFideId "54111722"]
[BlackFideId "34107581"]
[EventDate "2016.08.17"]

1. c4 Nf6 2. Nc3 c6 3. d4 d5 4. Nf3 e6 5. Bg5 h6 6. Bh4 g5 7. Bg3 dxc4 8. e3 b5
9. Be5 Nbd7 10. a4 Bb4 11. Be2 Bb7 12. O-O a6 13. Qc2 Nxe5 14. Nxe5 Qc7 15. Bf3
O-O 16. Be4 Bxc3 17. bxc3 Nxe4 18. Qxe4 c5 19. Qg4 cxd4 20. cxd4 Kh7 21. f4 f6
22. Nf3 f5 23. Qh5 Bxf3 24. Rxf3 g4 25. Rff1 b4 26. g3 Qd6 27. h3 gxh3 28. g4
fxg4 29. Ra2 Rf5 30. Qh4 c3 31. Rff2 Raf8 32. Kh2 Rg8 33. Rg2 b3 34. Rxg4 Rxg4
35. Qxg4 c2 36. Ra1 b2 37. e4 Rg5 0-1

[Event "St.Petersburg Summer Open"]
[Site "St Petersburg RUS"]
[Date "2016.08.20"]
[Round "4.46"]
[White "Frolov, Lev"]
[Black "Afanasiev, Nikita A."]
[Result "1/2-1/2"]
[WhiteElo "1967"]
[BlackElo "1716"]
[WhiteFideId "4187571"]
[BlackFideId "44148089"]
[EventDate "2016.08.17"]

1. d4 Nf6 2. c4 e6 3. Nf3 b6 4. a3 Bb7 5. Nc3 Be7 6. Qc2 c5 7. e3 d5 8. dxc5
bxc5 9. cxd5 exd5 10. Bb5+ Nc6 11. O-O O-O 12. b3 a6 13. Bd3 h6 14. Na4 Qd6 15.
Bb2 d4 16. Rfd1 Ne5 17. Nxe5 Qxe5 18. exd4 cxd4 19. Bxd4 Qg5 20. Bf1 Ng4 21. h3
Bd6 22. Qd2 Bh2+ 23. Kh1 Qh4 24. f3 Rad8 25. Nc5 Be5 26. Qe1 Qxe1 27. Rxe1 Bxd4
28. Nxb7 Nf2+ 29. Kh2 Rb8 30. Bxa6 Ra8 31. Bc4 Ra7 32. Nd6 Bxa1 33. Rxa1 Rd8 34.
Nb5 Rad7 35. a4 Nd3 36. a5 Ne5 37. a6 Nc6 38. Nc3 Ra7 39. Bd5 Nb4 40. Bc4 Rda8
41. Nd5 1/2-1/2

[Event "St.Petersburg Summer Open"]
[Site "St Petersburg RUS"]
[Date "2016.08.20"]
[Round "4.47"]
[White "Slugin, Yaroslav"]
[Black "Zakharov, Yuri"]
[Result "1-0"]
[WhiteElo "1940"]
[BlackElo "1703"]
[WhiteFideId "34142913"]
[BlackFideId "4166620"]
[EventDate "2016.08.17"]

1. d4 Nf6 2. Nf3 g6 3. Bg5 Bg7 4. Nbd2 d5 5. e3 c6 6. b4 O-O 7. Be2 b6 8. O-O
Bb7 9. a4 Nbd7 10. c3 Re8 11. a5 e5 12. Nb3 Qc7 13. Bxf6 Bxf6 14. Qc2 e4 15.
Nfd2 b5 16. Bg4 Nf8 17. Nc5 Bc8 18. Be2 Bg5 19. Ndb3 h5 20. Qd2 Bf5 21. Rae1 Bh6
22. f3 exf3 23. Bxf3 Be4 24. Bxe4 dxe4 25. Qe2 Qd6 26. c4 bxc4 27. Qxc4 Qd5 28.
Qxd5 cxd5 29. Kf2 a6 30. Na4 Nd7 31. Nbc5 Nxc5 32. bxc5 Rab8 33. Rb1 f5 34. Rb6
Rxb6 35. axb6 1-0

[Event "St.Petersburg Summer Open"]
[Site "St Petersburg RUS"]
[Date "2016.08.20"]
[Round "4.49"]
[White "Gatalov, Dmitriy"]
[Black "Kuizhev, Adam"]
[Result "1/2-1/2"]
[WhiteElo "1919"]
[BlackElo "1700"]
[WhiteFideId "44153546"]
[BlackFideId "44166265"]
[EventDate "2016.08.17"]

1. d4 Nf6 2. c4 g6 3. Nf3 Bg7 4. Nc3 d5 5. e3 O-O 6. Be2 c6 7. O-O Bf5 8. Qb3
Qb6 9. Qxb6 axb6 10. cxd5 cxd5 11. Bd2 Nc6 12. Ne5 Rfd8 13. f4 Ne4 14. Nxe4 Bxe4
15. Bb5 Nxe5 16. dxe5 Rdc8 17. Bc3 Rc5 18. Be2 Rac8 19. Bf3 Bxf3 20. Rxf3 e6 21.
Rf2 Bf8 22. Bd4 Rc1+ 23. Rxc1 Rxc1+ 24. Rf1 Rxf1+ 25. Kxf1 Bc5 26. Ke2 Kf8 27.
a3 Ke7 28. b4 Bxd4 29. exd4 b5 30. g4 h6 31. h4 f5 32. g5 h5 33. Kd3 Kd7 34. Kc3
Kc6 35. Kb3 Kb6 36. a4 Kc6 37. a5 Kc7 38. Kc3 Kc6 39. Kd3 Kd7 40. Kc3 Kc6 41.
Kd3 Kd7 1/2-1/2

[Event "St.Petersburg Summer Open"]
[Site "St Petersburg RUS"]
[Date "2016.08.20"]
[Round "4.50"]
[White "Yakovlev, Yuri S."]
[Black "Timirev, Sergey"]
[Result "1-0"]
[WhiteElo "1891"]
[BlackElo "1693"]
[WhiteFideId "4173929"]
[BlackFideId "24181676"]
[EventDate "2016.08.17"]

1. e4 c5 2. Nf3 Nc6 3. c4 e5 4. Nc3 d6 5. h3 Nf6 6. d3 Be7 7. Be3 Bd7 8. Be2 Nd4
9. Nd5 O-O 10. Nxe7+ Qxe7 11. Qd2 b5 12. Bg5 Qe6 13. Bxf6 Qxf6 14. Nxd4 cxd4 15.
cxb5 Bxb5 16. O-O Bc6 17. f4 Qh6 18. Qc1 Rac8 19. fxe5 Qxc1 20. Rfxc1 dxe5 21.
Bg4 Rc7 22. b4 Rb8 23. a3 Rb6 24. Rc5 Re7 25. Rac1 Be8 26. Rc8 g6 27. Bd7 Kf8
28. R1c7 a6 29. Ra8 Rd6 30. Rxe8+ Rxe8 31. Bxe8 Kxe8 32. Kf2 h6 33. g4 Rf6+ 34.
Ke2 Kd8 35. Ra7 Ke8 36. Rb7 Rc6 37. Kd2 Rc3 38. a4 Rc6 39. a5 Rf6 40. Kc2 Rc6+
41. Kb2 h5 42. g5 h4 43. Kb1 Rc3 44. b5 1-0

[Event "St.Petersburg Summer Open"]
[Site "St Petersburg RUS"]
[Date "2016.08.20"]
[Round "4.51"]
[White "Bobolev, Stanislav"]
[Black "Zhemchuzhina, Elizaveta"]
[Result "0-1"]
[WhiteElo "1604"]
[BlackElo "1867"]
[WhiteFideId "24282855"]
[BlackFideId "34106607"]
[EventDate "2016.08.17"]

1. Nh3 d5 2. g3 e5 3. d3 Nf6 4. f4 Nc6 5. Bg2 Be7 6. O-O h5 7. f5 h4 8. gxh4
Rxh4 9. Bg5 Rb4 10. Nc3 Ng4 11. Qc1 Bxg5 12. Qxg5 Qxg5 13. Nxg5 Ne3 14. Nxd5
Nxd5 15. Bxd5 Rg4+ 16. Kh1 Rxg5 17. e4 Nd4 18. c3 Ne2 19. Rae1 Nf4 20. Bc4 c6
21. Rg1 Rxg1+ 22. Rxg1 b5 23. Bb3 Kf8 24. d4 Bb7 25. h4 Rd8 26. Rg4 Nd3 27. Kh2
exd4 28. h5 dxc3 29. bxc3 Ne5 30. Rg2 c5 31. Kg3 Rd3+ 32. Kh4 c4 33. Bc2 Rxc3
34. f6 gxf6 35. h6 Ng6+ 36. Kg4 Bc8+ 0-1

[Event "St.Petersburg Summer Open"]
[Site "St Petersburg RUS"]
[Date "2016.08.20"]
[Round "4.52"]
[White "Smirnov, Dmitrii"]
[Black "Pankova, Julia"]
[Result "1/2-1/2"]
[WhiteElo "1569"]
[BlackElo "1845"]
[WhiteFideId "34191868"]
[BlackFideId "34103276"]
[EventDate "2016.08.17"]

1. e4 c5 2. Nf3 Nc6 3. d4 cxd4 4. Nxd4 g6 5. Nc3 Bg7 6. Be3 Nf6 7. f3 O-O 8. Bc4
d6 9. Qd2 Bd7 10. g4 Rc8 11. Bb3 Na5 12. h4 h5 13. gxh5 Nxh5 14. Bh6 Nc4 15.
Bxc4 Rxc4 16. Bxg7 Kxg7 17. Nf5+ Bxf5 18. exf5 Rf4 19. fxg6 fxg6 20. O-O-O Rxf3
21. Rhg1 Qe8 22. Ne4 R3f4 23. Ng5 R8f6 24. Rde1 Qd7 25. Qd5 R4f5 26. Qd4 e5 27.
Qg4 Kh8 28. Ne4 Re6 29. Ng5 Ref6 30. Rgf1 Qg7 31. Rg1 a6 32. Ne4 Re6 33. Ng5
Ref6 34. Ne4 Re6 35. Ng5 Ref6 36. Ne4 1/2-1/2

[Event "St.Petersburg Summer Open"]
[Site "St Petersburg RUS"]
[Date "2016.08.20"]
[Round "4.53"]
[White "Averyanov, Grigori"]
[Black "Srinidhi, S"]
[Result "1-0"]
[WhiteElo "1821"]
[BlackElo "1667"]
[WhiteFideId "44150288"]
[BlackFideId "5053897"]
[EventDate "2016.08.17"]

1. d4 Nf6 2. c4 g6 3. Nf3 Bg7 4. Nc3 O-O 5. e4 d6 6. Be2 c5 7. O-O Nc6 8. d5 Ne5
9. Nxe5 dxe5 10. Be3 b6 11. a3 Ne8 12. b4 cxb4 13. axb4 f5 14. f3 e6 15. dxe6
Qxd1 16. Rfxd1 Bxe6 17. Bxb6 Rb8 18. Bc5 Rf7 19. Nb5 Bf8 20. Bxa7 Rc8 21. c5
fxe4 22. fxe4 Nf6 23. Nc3 Rb7 24. Bb6 Rd7 25. Bb5 Rd4 26. Ba6 Rb8 27. Rxd4 exd4
28. Nb5 d3 29. Nc7 1-0

[Event "St.Petersburg Summer Open"]
[Site "St Petersburg RUS"]
[Date "2016.08.20"]
[Round "4.57"]
[White "Yun, Vyacheslav"]
[Black "Sakorenko, Adriana"]
[Result "0-1"]
[WhiteElo "1750"]
[BlackElo "1942"]
[WhiteFideId "34126667"]
[BlackFideId "34130249"]
[EventDate "2016.08.17"]

1. e4 e6 2. c4 d5 3. cxd5 exd5 4. exd5 Qxd5 5. Nc3 Qd8 6. Nf3 Nf6 7. Bc4 Bd6 8.
O-O O-O 9. d4 h6 10. h3 Nbd7 11. Qc2 Nb6 12. Bb3 Be6 13. Bxe6 fxe6 14. Re1 Qd7
15. Qg6 Qf7 16. Qxf7+ Kxf7 17. Nb5 Nfd5 18. Nxd6+ cxd6 19. Bd2 Rac8 20. Rac1 Nc4
21. Bc3 Nf4 22. Rcd1 Ke7 23. Nd2 b5 24. Ne4 Nd5 25. a3 a5 26. Ra1 Rc7 27. b3
Nxc3 28. Nxc3 Nb6 29. Nxb5 Rc2 30. Rf1 a4 31. bxa4 Nxa4 32. Rac1 Rfxf2 33. Rxc2
Rxc2 34. Rb1 Nb2 35. Ra1 Rc4 36. Kf2 Kd7 37. a4 Rxa4 38. Rxa4 Nxa4 39. Na3 Kc6
40. Kf3 Nc3 41. Ke3 Kd5 42. Nc2 Kc4 43. Na3+ Kb3 44. Kd3 Kxa3 45. Kxc3 d5 46. g3
Ka4 47. h4 Ka3 48. h5 Ka4 0-1

[Event "St.Petersburg Summer Open"]
[Site "St Petersburg RUS"]
[Date "2016.08.20"]
[Round "4.58"]
[White "Sanarov, Leonid"]
[Black "Turetsky, Mark"]
[Result "1-0"]
[WhiteElo "1856"]
[BlackElo "1622"]
[WhiteFideId "34132993"]
[BlackFideId "24121851"]
[EventDate "2016.08.17"]

1. c4 Nf6 2. g3 e6 3. Bg2 d5 4. Nf3 Be7 5. O-O O-O 6. d4 c5 7. cxd5 Nxd5 8. Nc3
Nxc3 9. bxc3 cxd4 10. cxd4 Nd7 11. e4 Nf6 12. Qe2 b6 13. Rd1 Bb7 14. Ne5 Nd7 15.
Bf4 Rc8 16. Rac1 Rxc1 17. Rxc1 Nxe5 18. Bxe5 Bd6 19. Bxd6 Qxd6 20. Qc4 Qe7 21.
Qc7 Qxc7 22. Rxc7 Rb8 23. d5 exd5 24. exd5 Kf8 25. f4 g6 26. Kf2 a6 27. Be4 Ke8
28. Ke3 Bc8 29. Kd4 Bd7 30. Ke5 a5 31. Bd3 b5 32. Kd6 Rb6+ 33. Kc5 Rb8 34. Ra7
a4 35. Kd6 Rb6+ 36. Kc7 Rf6 37. d6 1-0

[Event "St.Petersburg Summer Open"]
[Site "St Petersburg RUS"]
[Date "2016.08.20"]
[Round "4.59"]
[White "Radosevic, Nevena"]
[Black "Kuzmishin, Leonid"]
[Result "0-1"]
[WhiteElo "1589"]
[BlackElo "1762"]
[WhiteFideId "900435"]
[BlackFideId "34136387"]
[EventDate "2016.08.17"]

1. d4 e6 2. c4 c5 3. d5 exd5 4. cxd5 d6 5. e4 a6 6. a4 g6 7. Nc3 Bg7 8. Qc2 Ne7
9. Bd3 O-O 10. Nge2 h6 11. h3 g5 12. f4 gxf4 13. Bxf4 Ng6 14. Bg3 Qe7 15. O-O
Nd7 16. Rae1 Nde5 17. Nf4 Qg5 18. Nxg6 Qxg3 19. Nxe5 Bxe5 20. Rf3 Qxe1+ 0-1

[Event "St.Petersburg Summer Open"]
[Site "St Petersburg RUS"]
[Date "2016.08.20"]
[Round "4.60"]
[White "Biyachuev, Minkail"]
[Black "Trushnikov, Viacheslav"]
[Result "0-1"]
[WhiteElo "1400"]
[BlackElo "1758"]
[WhiteFideId "34120065"]
[BlackFideId "24115185"]
[EventDate "2016.08.17"]

1. e4 c5 2. b4 cxb4 3. a3 b3 4. cxb3 d6 5. Nf3 Nf6 6. e5 dxe5 7. Nxe5 Qd4 8.
Nxf7 Kxf7 9. Bc4+ e6 10. Nc3 Qe5+ 11. Qe2 Qxe2+ 12. Nxe2 Nc6 13. Bb2 Bd6 14. O-O
Ne5 15. Rac1 Nxc4 16. Rxc4 Rd8 17. Re1 Bd7 18. Nd4 Rac8 19. d3 b5 20. Rcc1 Rxc1
21. Rxc1 a6 22. Nf3 Rc8 23. Rxc8 Bxc8 24. Ne5+ Bxe5 25. Bxe5 Nd7 26. d4 Nxe5 27.
dxe5 Kg6 28. f4 Kf5 29. g3 g5 30. fxg5 Kxg5 31. Kf2 Kf5 32. Kf3 Bb7+ 33. Ke3
Kxe5 34. g4 a5 35. b4 axb4 36. axb4 Be4 37. h3 h6 38. h4 Bd5 39. h5 Bc6 40. g5
hxg5 41. h6 Be4 42. Kf2 Kf4 43. Ke2 g4 44. Kf2 g3+ 45. Kg1 Kf3 46. Kf1 g2+ 47.
Kg1 Bh7 0-1